|
|
|
|
| LEADER |
00000cam a22000004a 4500 |
| 001 |
musev2_122 |
| 003 |
MdBmJHUP |
| 005 |
20230905040038.0 |
| 006 |
m o d |
| 007 |
cr||||||||nn|n |
| 008 |
100225s2010 miu o 00 0 eng d |
| 010 |
|
|
|z 2010007939
|
| 020 |
|
|
|a 9780472021857
|
| 020 |
|
|
|z 9780472117093
|
| 020 |
|
|
|z 9780472034956
|
| 035 |
|
|
|a (OCoLC)694363007
|
| 040 |
|
|
|a MdBmJHUP
|c MdBmJHUP
|
| 043 |
|
|
|a n-us---
|
| 050 |
0 |
4 |
|a E184.S75
|b B366 2010
|
| 082 |
0 |
|
|a 323.1168/073
|2 22
|
| 100 |
1 |
|
|a Barreto, Matt A.
|
| 245 |
1 |
0 |
|a Ethnic Cues :
|b The Role of Shared Ethnicity in Latino Political Participation /
|c Matt A. Barreto.
|
| 264 |
|
1 |
|a Ann Arbor :
|b University of Michigan Press,
|c 2010.
|
| 264 |
|
3 |
|a Baltimore, Md. :
|b Project MUSE,
|c 2011
|
| 264 |
|
4 |
|c ©2010.
|
| 300 |
|
|
|a 1 online resource (196 pages).
|
| 336 |
|
|
|a text
|b txt
|2 rdacontent
|
| 337 |
|
|
|a computer
|b c
|2 rdamedia
|
| 338 |
|
|
|a online resource
|b cr
|2 rdacarrier
|
| 504 |
|
|
|a Includes bibliographical references and index.
|
| 505 |
0 |
|
|a Assessing the role of shared ethnicity in Latino political behavior -- Latino politics in the twenty-first century: a new theory of Latino political -- Behavior -- Theory meets reality: elite perspectives on Latino mobilization -- Does ethnic identification trump party identification? evaluating Latino vote choice -- In a hypothetical setting -- The impact of Latino mayoral candidates on Latino voters: new evidence from five -- Mayoral elections, 2001---2003 -- Latino candidates for state legislature and congress: how multiple co-ethnic -- Candidates affect turnout -- !viva Bill Richardson! Latinos and the 2008 presidential election -- Ethnic cues and the new American voter: implications and conclusion.
|
| 588 |
|
|
|a Description based on print version record.
|
| 650 |
|
0 |
|a Political participation
|z United States.
|
| 650 |
|
0 |
|a Hispanic America
|x Ethnic identity.
|
| 650 |
|
0 |
|a Hispanic Americans
|x Suffrage.
|
| 650 |
|
0 |
|a Hispanic Americans
|x Politics and government.
|
| 651 |
|
0 |
|a United States
|x Politics and government.
|
| 651 |
|
0 |
|a United States
|x Ethnic relations.
|
| 651 |
|
0 |
|a United States
|x Race relations.
|
| 655 |
|
7 |
|a Electronic books.
|2 local
|
| 710 |
2 |
|
|a Project Muse.
|e distributor
|
| 830 |
|
0 |
|a Book collections on Project MUSE.
|
| 856 |
4 |
0 |
|z Texto completo
|u https://projectmuse.uam.elogim.com/book/122/
|
| 945 |
|
|
|a Project MUSE - Custom Collection
|
| 945 |
|
|
|a Project MUSE - 2010 Political Science and Policy Studies
|
| 945 |
|
|
|a Project MUSE - 2010 Complete
|